00609nam a22002057a 450000500170000000800410001702000180005804000070007604100120008308200170009510000200011224500440013226000610017630000260023736500570026365000240032065000240034465000190036870000160038720260409142149.0260409b |||||||| |||| 00| 0 eng d a9788123925394 cAL aEnglish a004.16bSINM aRupender Singh  aMicroprocessors and interfacing devices aNew DelhibCBS publishers and distributors pvt ltdc2015 a311 p.bPBc24x17 cm. aVBI-2645b₹251.25c₹d₹335.00e25%f20-02-2026 aMicroprocessor 8085 aMicroprocessor 8086 adigital system aJain,Sarika